Introduction to risk management and insurance / (Record no. 206594)
[ view plain ]
| 000 -LEADER | |
|---|---|
| fixed length control field | 00730nam a2200229Ia 4500 |
| 005 - DATE AND TIME OF LATEST TRANSACTION | |
| control field | 20230829152230.0 |
| 008 - FIXED-LENGTH DATA ELEMENTS--GENERAL INFORMATION | |
| fixed length control field | 210716s2008 xx 000 0 und d |
| 020 ## - INTERNATIONAL STANDARD BOOK NUMBER | |
| International Standard Book Number | 9788120339132 |
| 040 ## - CATALOGING SOURCE | |
| Transcribing agency | AIMIT LIBRARY |
| 041 ## - LANGUAGE CODE | |
| Language code of text/sound track or separate title | eng |
| 082 ## - DEWEY DECIMAL CLASSIFICATION NUMBER | |
| Classification number | 368.08 |
| Edition number | 9 |
| Item number | DORM |
| 100 ## - MAIN ENTRY--PERSONAL NAME | |
| Personal name | Dorfman, Mark S. |
| 9 (RLIN) | 131367 |
| 245 ## - TITLE STATEMENT | |
| Title | Introduction to risk management and insurance / |
| Statement of responsibility, etc. | By Mark S Dorfman. |
| 250 ## - EDITION STATEMENT | |
| Edition statement | 9th ed. |
| 260 ## - PUBLICATION, DISTRIBUTION, ETC. | |
| Place of publication, distribution, etc. | New Delhi : |
| Name of publisher, distributor, etc. | PHI Learning private limited. , |
| Date of publication, distribution, etc. | 2008. |
| 300 ## - PHYSICAL DESCRIPTION | |
| Extent | xxxi,567p. ; |
| Other physical details | PB |
| Dimensions | 25 cm |
| 650 ## - SUBJECT ADDED ENTRY--TOPICAL TERM | |
| Topical term or geographic name entry element | Insurance(368) |
| 9 (RLIN) | 131368 |
| 651 ## - SUBJECT ADDED ENTRY--GEOGRAPHIC NAME | |
| Geographic name | Defining the insurable event |
| 9 (RLIN) | 131369 |
| 651 ## - SUBJECT ADDED ENTRY--GEOGRAPHIC NAME | |
| Geographic name | Homeowners insurance |
| 9 (RLIN) | 131370 |
| 651 ## - SUBJECT ADDED ENTRY--GEOGRAPHIC NAME | |
| Geographic name | Social security |
| 9 (RLIN) | 131371 |
| 942 ## - ADDED ENTRY ELEMENTS (KOHA) | |
| Source of classification or shelving scheme | Dewey Decimal Classification |
| Koha item type | Book |
| Edition | 9th |
| Call number prefix | 368.08 DORM |
| Withdrawn status | Lost status | Source of classification or shelving scheme | Damaged status | Not for loan | Collection code | Home library | Current library | Date acquired | Cost, normal purchase price | Inventory number | Total Checkouts | Full call number | Barcode | Date last seen | Cost, replacement price | Price effective from | Koha item type |
|---|---|---|---|---|---|---|---|---|---|---|---|---|---|---|---|---|---|
| Dewey Decimal Classification | MBA | St Aloysius Institute of Management & Information Technology | St Aloysius Institute of Management & Information Technology | 03/07/2011 | 450.00 | Bill no:46; Bill dt:2011-02-24 | 368.08 DORM | MBA09160 | 05/23/2026 | 337.50 | 07/16/2021 | Book | |||||
| Dewey Decimal Classification | MBA | St Aloysius Institute of Management & Information Technology | St Aloysius Institute of Management & Information Technology | 03/07/2011 | 450.00 | Bill no:46; Bill dt:2011-02-24 | 368.08 DORM | MBA09161 | 05/23/2026 | 337.50 | 07/16/2021 | Book | |||||
| Dewey Decimal Classification | MBA | St Aloysius Institute of Management & Information Technology | St Aloysius Institute of Management & Information Technology | 03/07/2011 | 450.00 | Bill no:46; Bill dt:2011-02-24 | 368.08 DORM | MBA09162 | 05/23/2026 | 337.50 | 07/16/2021 | Book | |||||
| Dewey Decimal Classification | MBA | St Aloysius Institute of Management & Information Technology | St Aloysius Institute of Management & Information Technology | 03/07/2011 | 450.00 | Bill no:46; Bill dt:2011-02-24 | 368.08 DORM | MBA09163 | 05/23/2026 | 337.50 | 07/16/2021 | Book | |||||
| Dewey Decimal Classification | MBA | St Aloysius Institute of Management & Information Technology | St Aloysius Institute of Management & Information Technology | 03/07/2011 | 450.00 | Bill no:46; Bill dt:2011-02-24 | 368.08 DORM | MBA09164 | 07/21/2025 | 337.50 | 07/16/2021 | Book |